Estadísticas para Países que Terminan en L

Haz click aquí para intentar la prueba.

Estadísticas generales

  • Esta prueba ha sido intentada 5.358 veces
  • La puntuación promedio es 5 de 9

Estadísticas de respuestas

ContinentePaís% Correcto
América del SurBrasil
89%
EuropaPortugal
74%
AsiaNepal
72%
OceaníaIslas Marshall
62%
ÁfricaSenegal
62%
AsiaIsrael
51%
ÁfricaGuinea Ecuatorial
40%
AsiaTimor Oriental
39%
ÁfricaCosta de Marfil
35%

Distribución de puntuación

Porcentaje por número respondido

Porcentaje de gente con cada puntuación

Historial de tus puntuaciones

No has intentado esta prueba.